01414 a2200169 45000010006000000050017000060080041000230030015000640400040000790800052001192450091001712640032002623000017002945050896003110410008012071000029012152840520260407155555.0260407a1968 arg spa dAR-UNSa-BCEJYS aAR-UNSa-BCEJYSbspacAR-UNSa-BCEJYS a342xDerecho constitucional (Derecho Público)10aDerecho Constitucionalprealidad, normatividad y justicia en el derecho constitucional 1aBuenos Aires :bEDIARc1968 a2 v.c23 cm. aVol. I: 1. Introducción al derecho constitucional - 2. La Constitución - 3. El Poder constituyente - 4. La supremacia de la constitución y la inconstitucionalidad - 5. El estado en el orden constitucional - 6. Régimen electoral y derechos políticos - 7. Factores de presión, factores de poder y fuerzas políticas - 8. La constitución del estado federal - 9. Las emergencias en el derecho constitucional - 10. La estructura organica y funcional del poder -- Vol. II: 11. El problema religioso en el orden constitucional - 12. La constitucionalización de los derechos individuales - 13. La libertad y la igualdad jurídicas - 14. Las libertades y los derechos del hombre - 15. Los derechos económicos - 16. Los derechos sociales - 17. Las garantías frente al estado - 18. El amparo jurisdiccional de la libertad - 19. Limitación y retricción de derechos y grantías aspa1 aBidart Campos, German J.